Pražské arcibiskupství 1344-1994. - Praha
| Titel: | Pražské arcibiskupství 1344-1994. - Praha : Zvon. - 1994 [Rezension] |
|---|---|
| Verfasser: | |
| In: |
Bohemia, Band 39 (1998), Seite 448-452 alle Artikel anzeigen |
| Veröffentlicht: | 1998 |
| Format: | Aufsatz |
| Sprache: | Deutsch |
X
alg: 39501514 001A $01999:12-11-16 001B $03025:11-02-26 $t16:13:35.000 001D $01999:12-11-16 001U $0utf8 001X $00 002@ $0Aox 003@ $0395015146 006N $000170143 007A $0395015146 $aHEB 007D $asw980112 007T $0Herd02947 010@ $ager 011@ $a1998 021A $aPražské arcibiskupství 1344-1994. - Praha $dZvon. - 1994 [Rezension] 028A $#Huber, Kurt Augustinus $#Huber, A. K. $#Huber, Augustin Kurt $#Huber, Augustinus Kurt $#Huber, Kurt Augustin $7110726936 $8Huber, Kurt A.$Z1912-2005 [Tp1] $9145315428 031A $d39 $h448-452 $j1998 039B $aIn $8--Abvc--. Bohemia. - München : Verlag des Collegium Carolinum, 1960-. - ISSN 0523-8587 $x199800000390000552 $9046829520 039T $8--Aax--. Pražské arcibiskupství 1344-1994. - Praha : Zvon, 1994. - 381 s., 8 mp., 7 obr., 2 příl. $9395376467 045F $a900.94371 $eDDC23BSB 045F/01 $a900 045F/03 $g4371 045T $a7,41 $a3,5 $a8,1 045T $aAVL $qDE-30 $2FID lok: 39501514 78 exp: 39501514 78 1 #EPN 201B/01 $026-11-17 $t03:53:04.000 201U/01 $0utf8 203@/01 $0791313751 208@/01 $a12-11-16 $be 209A/01 $a/ $f000 $x00 220C/01 $aTitelaufnehmer: rk 244Z/01 $#Tschechien $#Tschechische Republik $#Tschechien $#Tschechische Republik $#Tschechenland $#Tschechei Tschechien $#Česká Republika $#Czech Republic $#ČR $74303381-7 $8--Tg1--Tschechien $x01 $9086659812 244Z/01 $2Trx $#Böhmen $#Bohemia $#Czechy $8--Trx--Čechy $x02 $9391188941 244Z/01 $2Trx $#arvustused $#recenzijos $#Reviews $#recenziók $#recenzje $#recenzie $#recenze $8--Trx--Rezensionen $x03 $9391357441 247C/01 $82080>Marburg/Lahn, Herder-Institut, Forschungsbibliothek, Bibliographieportal $9336309341
| LEADER | 00000caa a22000002c 4500 | ||
|---|---|---|---|
| 001 | 395015146 | ||
| 003 | DE-603 | ||
| 005 | 20260211161335.0 | ||
| 007 | tu | ||
| 008 | 161112s1998 xx |||| | u00||u|ger c | ||
| 035 | |a (DE-599)HEB395015146 | ||
| 035 | |a (NL-LiSWE)00170143 | ||
| 040 | |a DE-603 |b ger |c DE-603 |d DE-603 | ||
| 041 | |a ger | ||
| 082 | 0 | 4 | |8 1\u |a 900.94371 |q DE-101 |2 23/BSB |
| 084 | |a 7,41 |a 3,5 |a 8,1 |2 ssgn | ||
| 084 | |a AVL |q DE-30 |2 fid | ||
| 085 | |8 1\u |b 900 | ||
| 085 | |8 1\u |z 2 |s 4371 | ||
| 100 | 1 | |a Huber, Kurt A. |d 1912-2005 |0 (DE-603)145315428 |0 (DE-588)110726936 |2 gnd | |
| 245 | 0 | 0 | |a Pražské arcibiskupství 1344-1994. - Praha |b Zvon. - 1994 [Rezension] |
| 264 | 0 | |c 1998 | |
| 773 | 0 | 8 | |i In |t Bohemia |d München : Verlag des Collegium Carolinum, 1960- |h 24 cm |x 0523-8587 |g Band 39 (1998), Seite 448-452 |w (DE-603)046829520 |w (DE-600)1166-6 |
| 787 | 0 | 8 | |i Rezension von |t Pražské arcibiskupství 1344-1994 |d Praha : Zvon, 1994 |h 381 s., 8 mp., 7 obr., 2 příl. |w (DE-603)395376467 |
| 924 | 0 | |9 2080 |a (DE-603)791313751 |b DE-2080 |c HES |d d |g / | |


